000 01067cam a22003017a 4500
003 CHAP
005 20220329134714.0
008 971013s1970 r 00010 d
010 _a24520
011 _a25492
035 _a29592
040 _cCHAP
082 _a333.098
_bC6m
110 _aComité Interamericano de Desarrollo Agrícola
_925876
245 0 _aMonografía sobre algunos aspectos de la tenencia de la tierra y el desarrollo rural en América Latina
260 _aWashington :
_bCIDA,
_c1970
300 _apág. varía
590 _aBATCH-UPD
_b10
_c20130110
_lUCH01
_h1854
590 _aBATCH-UPD
_b10
_c20130410
_lUCH01
_h1223
590 _aBATCH-UPD
_b10
_c20130914
_lUCH01
_h2046
590 _aCONVERSION
_b10
_c20130109
_lUCH01
_h1314
650 1 4 _aAgricultura
_xAspectos economicos
_xAmerica Latina.
_91202
650 1 4 _aTierras
_xTenencia
_xAmérica Latina.
_9113135
901 _aBK
942 _cLIBRO
949 _a333.098 C6m
_bBC
_cLIBRO
_d-68374
_eLIBRO
_h15789
_i29592
_mD
_si
949 _a333.098 C6m
_bBC
_cLIBRO
_d-68375
_eLIBRO
_fc.2
_h45418
_i29592
_si
999 _c24520
_d24520